000 00872nas a2200289 4500
001 BR9800801
003 BR-BrBNA
005 20231205100903.0
007 ta
008 230509b bl.|||p| |||| 00| 00por d
040 _aBR-BrBNA
_bpor
_cBiblioteca Nacional de Agricultura
041 _a(Pt)
072 _aH20
100 1 _aMazzonetto, F.
100 1 _aMenten, J.O.M.
100 1 _aParadela, A.L.
100 1 _aGalli, M.A.
245 1 _aEfeito de meios de cultura no desenvolvimento micellal e producao de conidios de Alternaria sp. do feijoeiro (Phaseolus vulgaris L.)
650 _aFeijao
650 _aConidio
650 _aFungo
650 _aMeio de Cultura
650 _aEsporulacao
773 0 _tEcossistema (Brazil)
_xISSN 0100-4107
_g(Oct-Dec 1996), v. 21 p. 59-61
_wBR9800801
909 _a202311
_bLúcia
_c55
_dLúcia Elande
942 _2AGRIS
_n0
_cANA
999 _c158623
_d158623